| 000 | 00534nam a2200169 i 4500 | ||
|---|---|---|---|
| 001 | 36820 | ||
| 003 | ES-MaACL | ||
| 005 | 20230906155440.0 | ||
| 007 | t| | ||
| 008 | 030219s1971 sp ||||1| spa d | ||
| 100 | 1 |
_aBouttier, Michel. _931070 |
|
| 245 | 1 | 0 |
_aDel Cristo de la historia al Jesús de los Evangelios / _cMichel Bouttier ; traducción por Javier Ros San Martín. |
| 260 |
_aMadrid : _bStudium, _c[1971] |
||
| 300 |
_a99 p. ; _c19 cm. |
||
| 700 | 1 |
_aRos San Martín, Javier. _999594 |
|
| 852 |
_aES-MaACL _jC-48170 _bR.77289 |
||
| 999 |
_c36820 _d36820 |
||